000 00739nam a2200181 i 4500
001 38282
003 ES-MaACL
005 20240305180121.0
007 t|
008 030225s1929 sp |||| | spa d
245 0 0 _aCalendario-guía docente-administrativo para el año 1929, de precisa consulta para toda clase de estudios, con las novísimas disposiciones sobre los mismos, desde el ingreso en el bachillerato y escuelas especiales, estudios de facultad y de preparación para oposiciones en general.
260 _aMadrid :
_bLa Enseñanza,
_c1929.
300 _a96 p. ;
_c19 cm.
650 7 _aEnseñanza-
_zEspaña-
_yS.XX
_2
_9139558
852 _aES-MaACL
_jB-3360
852 _aES-MaACL
_j1739-F-1
999 _c38282
_d38282